000 01066cam a22002894a 4500
001 12185548
003 B
005 20250728153036.0
008 000926s2000 ilu bd 001 0 eng
010 _a 00047156
020 _a0830814388 (U.S. : alk. paper)
020 _a085111976X (U.K.)
040 _aDLC
_cDLC
_dDLC
042 _apcc
050 0 0 _aBS440
_b.N437 2000
082 0 0 _a230/.041/03
_221
245 0 0 _aNew dictionary of biblical theology /
_ceditors, T. Desmond Alexander, Brian S. Rosner.
260 _aLeicester, England :
_bInter-Varsity Press ;
_aDowners Grove, Ill. :
_bInterVarsity Press,
_c2000.
300 _axx, 866 p. ;
_c27 cm.
504 _aIncludes bibliographical references and index.
630 0 0 _aBible
_xTheology
_vDictionaries.
700 1 _aAlexander, T. Desmond.
700 1 _aRosner, Brian S.
906 _a7
_bcbc
_corignew
_d1
_eocip
_f20
_gy-gencatlg
942 _2lcc
_cREF
_n0
999 _c7193
_d7193